书目信息 |
| 题名: |
初学电脑上网步步通
|
|
| 作者: | 陈伟 主编 | |
| 分册: | ||
| 出版信息: | 重庆 重庆大学出版社 2006.09 |
|
| 页数: | 239页 | |
| 开本: | 26cm | |
| 丛书名: | 从零开始学电脑系列丛书 | |
| 单 册: | ||
| 中图分类: | TP393.4 | |
| 科图分类: | ||
| 主题词: | 因特网--yin te wang--基本知识 | |
| 电子资源: | ||
| ISBN: | 7-5624-3699-1 | |
| 000 | 00892nam 2200253 450 | |
| 001 | 012006387117 | |
| 005 | 20070612151651.15 | |
| 010 | @a7-5624-3699-1@dCNY29.00 (含光盘) | |
| 100 | @a20061213d2006 km y0chiy0120 ea | |
| 101 | 0 | @achi |
| 102 | @aCN@b500000 | |
| 105 | @ay z 000yy | |
| 200 | 1 | @a初学电脑上网步步通@Achu xue dian nao shang wang bu bu tong@f陈伟主编@Fchen wei zhu bian |
| 210 | @a重庆@c重庆大学出版社@d2006.09 | |
| 215 | @a239页@d26cm@e光盘1片 | |
| 225 | 2 | @a从零开始学电脑系列丛书@Acong ling kai shi xue dian nao xi lie cong shu |
| 307 | @a光盘 ISBN : 7-900676-41-4 | |
| 330 | @a本书较为全面地介绍了在网上都能干些啥、常见的网络日常用语、常见的上网接入方式等内容。 | |
| 410 | 0 | @12001 @a从零开始学电脑系列丛书 |
| 606 | 0 | @a因特网@Ayin te wang@x基本知识 |
| 690 | @aTP393.4@v4 | |
| 701 | 0 | @a陈伟@Achen wei@4主编 |
| 801 | 0 | @aCN@c20070612 |
| 905 | @dTP393.4@eC583 | |
| 初学电脑上网步步通/陈伟主编.-重庆:重庆大学出版社,2006.09 |
| 239页;26cm+光盘1片.-(从零开始学电脑系列丛书) |
| ISBN 7-5624-3699-1:CNY29.00 (含光盘) |
| 本书较为全面地介绍了在网上都能干些啥、常见的网络日常用语、常见的上网接入方式等内容。 |
| ● |
| 相关链接 |
|
|
|
正题名:初学电脑上网步步通
索取号:TP393.4/C583
 
预约/预借
| 序号 | 登录号 | 条形码 | 馆藏地/架位号 | 状态 | 备注 |
| 1 | 230194 | 202301945 | 自科库301/301自科库 133排1列6层/ [索取号:TP393.4/C583] | 在馆 | |
| 2 | 230195 | 202301954 | 期刊室512/301自科库 133排1列6层/ [索取号:TP393.4/C583] | 在馆 |